<?xml version="1.0" encoding="UTF-8"?>
<record
    xmlns:xsi="http://www.w3.org/2001/XMLSchema-instance"
    xsi:schemaLocation="http://www.loc.gov/MARC21/slim http://www.loc.gov/standards/marcxml/schema/MARC21slim.xsd"
    xmlns="http://www.loc.gov/MARC21/slim">

  <leader>01205nam a22002417a 4500</leader>
  <controlfield tag="005">20140825143624.0</controlfield>
  <datafield tag="010" ind1=" " ind2=" ">
    <subfield code="a">B-534968-969</subfield>
  </datafield>
  <datafield tag="020" ind1=" " ind2=" ">
    <subfield code="a">9780198091806</subfield>
    <subfield code="c">950.00</subfield>
  </datafield>
  <datafield tag="020" ind1=" " ind2=" ">
    <subfield code="a">019809180X</subfield>
    <subfield code="c">950.00</subfield>
  </datafield>
  <datafield tag="035" ind1=" " ind2=" ">
    <subfield code="a">EN- 534968-969</subfield>
  </datafield>
  <datafield tag="037" ind1=" " ind2=" ">
    <subfield code="b">BSB/Ven</subfield>
  </datafield>
  <datafield tag="082" ind1=" " ind2=" ">
    <subfield code="a">307.760954</subfield>
  </datafield>
  <datafield tag="245" ind1=" " ind2=" ">
    <subfield code="a">The Oxford anthology of the modern Indian city :</subfield>
    <subfield code="c">edited, compiled, and introduced  by Vinay Lal</subfield>
    <subfield code="b">the city in its plenitude /</subfield>
  </datafield>
  <datafield tag="246" ind1=" " ind2=" ">
    <subfield code="a">Anthology of the modern Indian city</subfield>
  </datafield>
  <datafield tag="260" ind1=" " ind2=" ">
    <subfield code="a">New Delhi</subfield>
    <subfield code="b">Oxford University Press</subfield>
    <subfield code="c">2013</subfield>
  </datafield>
  <datafield tag="270" ind1=" " ind2=" ">
    <subfield code="a">YMCA Library Builbing, 1 Jai Singh Road </subfield>
    <subfield code="b">New Delhi</subfield>
    <subfield code="e">110001</subfield>
  </datafield>
  <datafield tag="300" ind1=" " ind2=" ">
    <subfield code="a">382p.</subfield>
    <subfield code="c">24cm(Hb)</subfield>
    <subfield code="b">ill.</subfield>
  </datafield>
  <datafield tag="505" ind1=" " ind2=" ">
    <subfield code="a">V.1-The city in its plenitude ; V.2-making and unmaking the city politics, culture, and life forms</subfield>
  </datafield>
  <datafield tag="520" ind1=" " ind2=" ">
    <subfield code="a">The first anthology of the city in India since around 1800, with an accent on the twentieth century, this two-volume collection draws on fiction, poetry, essays, travel narratives, and scholarly studies in history, anthropology, and cultural studies</subfield>
  </datafield>
  <datafield tag="700" ind1=" " ind2=" ">
    <subfield code="a">Vinay Lal</subfield>
  </datafield>
  <datafield tag="942" ind1=" " ind2=" ">
    <subfield code="2">ddc</subfield>
    <subfield code="c">EN</subfield>
    <subfield code="m">OXF</subfield>
    <subfield code="h">307.760954</subfield>
  </datafield>
  <datafield tag="999" ind1=" " ind2=" ">
    <subfield code="c">87939</subfield>
    <subfield code="d">87939</subfield>
  </datafield>
  <datafield tag="952" ind1=" " ind2=" ">
    <subfield code="0">0</subfield>
    <subfield code="1">0</subfield>
    <subfield code="4">0</subfield>
    <subfield code="7">0</subfield>
    <subfield code="8">NFIC</subfield>
    <subfield code="a">BL1</subfield>
    <subfield code="b">BL1</subfield>
    <subfield code="d">2014-08-25</subfield>
    <subfield code="e">BSB/IN606/27.03.2014/143/25.03.2014/29.03.2014</subfield>
    <subfield code="g">950.00</subfield>
    <subfield code="l">0</subfield>
    <subfield code="o">307.760954 OXF</subfield>
    <subfield code="p">B-534968</subfield>
    <subfield code="r">2014-08-25 00:00:00</subfield>
    <subfield code="t">1</subfield>
    <subfield code="v">950.00</subfield>
    <subfield code="y">EN</subfield>
  </datafield>
  <datafield tag="952" ind1=" " ind2=" ">
    <subfield code="0">0</subfield>
    <subfield code="1">0</subfield>
    <subfield code="4">0</subfield>
    <subfield code="7">0</subfield>
    <subfield code="8">NFIC</subfield>
    <subfield code="a">BL3</subfield>
    <subfield code="b">BL3</subfield>
    <subfield code="d">2014-08-25</subfield>
    <subfield code="e">BSB/IN606/27.03.2014/143/25.03.2014/29.03.2014</subfield>
    <subfield code="g">950.00</subfield>
    <subfield code="l">0</subfield>
    <subfield code="o">307.760954 OXF</subfield>
    <subfield code="p">B-534969</subfield>
    <subfield code="r">2014-08-25 00:00:00</subfield>
    <subfield code="t">1</subfield>
    <subfield code="v">950.00</subfield>
    <subfield code="y">EN</subfield>
  </datafield>
</record>
